<?xml version="1.0" encoding="UTF-8"?>
<collection xmlns="http://www.loc.gov/MARC21/slim">
    <record>
        <controlfield tag="001">67208</controlfield>
        <controlfield tag="005">20180223094827.0</controlfield>
        <datafield tag="037" ind1=" " ind2=" ">
            <subfield code="a">GDOC-2016-28525</subfield>
        </datafield>
        <datafield tag="041" ind1=" " ind2=" ">
            <subfield code="a">spa</subfield>
        </datafield>
        <datafield tag="100" ind1=" " ind2=" ">
            <subfield code="0">(orcid)0000-0003-2562-8075</subfield>
            <subfield code="1">117300</subfield>
            <subfield code="a">Ferrer Serrano, Roberto Luis</subfield>
        </datafield>
        <datafield tag="245" ind1="0" ind2="0">
            <subfield code="9">28525</subfield>
            <subfield code="a">Salud laboral y marco normativo de la prevención de riesgos</subfield>
        </datafield>
        <datafield tag="260" ind1=" " ind2=" ">
            <subfield code="a">Zaragoza</subfield>
            <subfield code="b">Universidad de Zaragoza</subfield>
            <subfield code="c">2016-2017</subfield>
        </datafield>
        <datafield tag="520" ind1=" " ind2=" ">
            <subfield code="a">Breve presentación de la asignatura
Esta asignatura forma parte del Grado de Relaciones Laborales y Recursos Humanos y se imparte en el 3º curso en el 2º semestre del año. El conocimiento de la Salud Laboral y Marco Normativo de la Prevención de Riesgos Laborales constituye el punto de partida para profundizar en el conocimiento de otras tantas disciplinas científicas (la seguridad, la higiene, la ergonomía y psicosociología) necesarias para abordar la protección de la seguridad y salud integral de los trabajadores en prácticamente todos los sectores de la actividad productiva.
Además esta asignatura prepara el camino para la comprensión de los temas que se imparten en la asignatura “Gestión de la Prevención de Riesgos Laborales” de 4º curso, 2º semestre del Grado de Relaciones Laborales y Recursos Humanos.
En última instancia la elección de ambas asignaturas prepara al alumnado para que en un futuro pueda acceder a la especialización en Técnico Superior en Prevención de Riesgos Laborales; salida profesional apta y apropiada para los estudiantes de este Grado, que hoy puede cursarse como un Máster Oficial de la Universidad de Zaragoza. </subfield>
            <subfield code="b"> </subfield>
        </datafield>
        <datafield tag="521" ind1=" " ind2=" ">
            <subfield code="9">138</subfield>
            <subfield code="a">Relaciones Laborales y Recursos Humanos</subfield>
        </datafield>
        <datafield tag="540" ind1=" " ind2=" ">
            <subfield code="a">by-nc-sa</subfield>
            <subfield code="b">Creative Commons</subfield>
            <subfield code="c">3.0</subfield>
            <subfield code="u">http://creativecommons.org/licenses/by-nc-sa/3.0/</subfield>
        </datafield>
        <datafield tag="700" ind1=" " ind2=" ">
            <subfield code="0">(orcid)0000-0002-8190-4890</subfield>
            <subfield code="1">315607</subfield>
            <subfield code="a">Corbacho Malo, María Soledad</subfield>
        </datafield>
        <datafield tag="700" ind1=" " ind2=" ">
            <subfield code="0">(orcid)0000-0002-0445-2958</subfield>
            <subfield code="1">325488</subfield>
            <subfield code="a">García-Foncillas López, Rafael</subfield>
        </datafield>
        <datafield tag="700" ind1=" " ind2=" ">
            <subfield code="0">(orcid)0000-0002-1019-5783</subfield>
            <subfield code="1">367199</subfield>
            <subfield code="a">Orta Costa, María José Isabel</subfield>
        </datafield>
        <datafield tag="700" ind1=" " ind2=" ">
            <subfield code="0">(orcid)0000-0002-0139-8255</subfield>
            <subfield code="1">384427</subfield>
            <subfield code="a">Vallejo Dacosta, Ruth María</subfield>
        </datafield>
        <datafield tag="700" ind1=" " ind2=" ">
            <subfield code="0">(orcid)0000-0003-0091-450X</subfield>
            <subfield code="1">390723</subfield>
            <subfield code="a">Lafuente Pastor, Vicente Pedro</subfield>
        </datafield>
        <datafield tag="830" ind1=" " ind2=" ">
            <subfield code="9">428</subfield>
        </datafield>
        <datafield tag="856" ind1="4" ind2=" ">
            <subfield code="s">21297</subfield>
            <subfield code="u">http://zaguan.unizar.es/record/67208/files/guia-28525-es.pdf</subfield>
            <subfield code="y">Guía (idioma español)</subfield>
        </datafield>
        <datafield tag="856" ind1="4" ind2=" ">
            <subfield code="s">6309</subfield>
            <subfield code="u">http://zaguan.unizar.es/record/67208/files/guia-28525-en.pdf</subfield>
            <subfield code="y">Guide (english)</subfield>
        </datafield>
        <datafield tag="970" ind1=" " ind2=" ">
            <subfield code="a">GDOC-2016-28525</subfield>
        </datafield>
        <datafield tag="980" ind1=" " ind2=" ">
            <subfield code="a">GDOC</subfield>
            <subfield code="b">Ciencias sociales y jurídicas</subfield>
            <subfield code="c">108</subfield>
        </datafield>
    </record>

    
</collection>